000 01327nam a2200361 a 4500
001 000011324
003 DO-SdBPM
005 20250122122721.0
007 000011324
008 091016s2006 dr 001 0 spa d
020 _a9993490636
040 _aDO-SdBPM
_bspa
_cBPMSU
082 4 _a398.097293
_bG241f, 2006
_222
100 1 _aGarrido de Boggs, Edna,
_d1913-
245 1 0 _aFolklore infantil de Santo Domingo /
_cEdna Garrido de Boggs ; edición Eleanor Grimaldi Selié
260 _aSanto Domingo :
_bSociedad Dominicana de Bibliófilos,
_c2006
300 _a664 p. :
_bil., mús.
490 0 _aClásicos bibliófilos,
_v8
500 _aIncluye letras y partituras musicales.
504 _aIncluye referencias bibliográficas y notas al pie de las páginas.
504 _aBibliografía: p. 637-645
533 _aFacsímilar
_bMadrid:
_cCultura Hispánica,
_d1955
_e21 cm.
590 _aInventariado, 2025/VM
650 4 _aCanciones folclóricas dominicanas
650 4 _aFolclor y niños
_zRepública Dominicana
650 4 _aLiteratura Folclórica dominicana
650 4 _aJuegos infantiles
700 1 _aGrimaldi Selié, Eleanor
_eeditora
710 2 _aSociedad Dominicana de Bibliófilos
710 2 _aCentro Cultural de España
910 _aVMateo V. Control de calidad. BPMSU
942 _2ddc
_cBK
999 _c14911
_d14911